Statistics for Route of Syrian Refugees to Europe

Click here to take the quiz!

General Stats

  • This quiz has been taken 32 times
  • The average score is 7 of 8

Answer Stats

Answer% Correct
Greece
97%
Turkey
94%
Syria
90%
Germany
84%
North Macedonia
81%
Serbia
81%
Austria
77%
Hungary
77%

Score Distribution

Percentile by Number Answered

Percent of People with Each Score

Your Score History

You have not taken this quiz